00303nam a2200109Ia 4500008004100000040001600041041001200057082001800069245005100087260004500138300001000183230917s9999||||xx |||||||||||||| ||und|| e40453aMAIN aEnglish a956.944 J487J 0aJerusalem: historic, legal and political facts aNew DelhibLeague of Arab states mission a88 p.